| 000 | 01710nam a2200373 c 4500 | ||
|---|---|---|---|
| 001 | 59751 | ||
| 003 | CO-BoRNBP | ||
| 005 | 20251104192236.0 | ||
| 007 | ta | ||
| 008 | 250116s2024 ck a|||jr6||| 000 fdspa d | ||
| 020 | _a628758713X | ||
| 020 | _a9786287587137 | ||
| 040 |
_aCO-BoRNBP _bspa _erda _cCO-BoRNBP |
||
| 041 | 0 | _hspa | |
| 043 | _as-ve--- | ||
| 084 | _aNG | ||
| 100 |
_aGuarisco, Laura _d1991- _eaut _965817 |
||
| 245 | 1 | 0 |
_aNido / _cLaura Guarisco. |
| 250 | _aSegunda edición | ||
| 264 | 1 |
_aBogotá, Colombia : _bPlaneta, _c2024 |
|
| 300 |
_a190 páginas : _bilustraciones a color, |
||
| 336 |
_2rdacontent _atexto _btxt |
||
| 337 |
_2rdamedia _asin mediación _bn |
||
| 338 |
_2rdacarrier _avolumen _bnc |
||
| 490 | 0 | _aCómic | |
| 520 | _aEn esta obra de autoficción, la autora retrata con sencillez y precisión su propia experiencia de vida, pero también la de muchos otros compatriotas: el desarraigo, la nostalgia, el temor, la xenofobia, el desamparo y la esperanza. Ángel es uno de los más de siete millones venezolanos que tuvo que abandonar su nido. Desde ser domiciliario de Rappi, hasta ser arquitecto; desde el abandono de la patria, hasta el encuentro con un nuevo nido. Esta obra es necesaria para entender, desde un autor/protagonista real, un tema de importancia mundial: la migración | ||
| 521 | _aRecomendado para un público mayor de 18 años | ||
| 650 | 0 | 7 |
_aEsperanza en la literatura _2lemb _965818 |
| 650 | 0 | 7 |
_aInmigrantes en la literatura _2lemb _92674 |
| 650 | 0 | 4 |
_aLiteratura venezolana _ySiglo XXI _2LEMB _965819 |
| 650 | 0 | 4 |
_aNovela gráfica venezolana _ySiglo XXI _2LEMB _965820 |
| 650 | 0 | 7 |
_aXenofobia en la literatura _2lemb _965821 |
| 942 |
_2loc _cBKLIT _n0 |
||
| 999 |
_c59751 _d59751 |
||